[Event "Rapperswil Jona op 3rd"]
[Site "Rapperswil"]
[Date "2010.07.02"]
[Round "3"]
[White "Bosshard, Dominik"]
[Black "Sivaji, Siva"]
[Result "1/2-1/2"]
[WhiteElo "1715"]
[BlackElo "1845"]
[PlyCount "77"]
[EventDate "2010.07.01"]
[EventType "swiss"]
[EventRounds "7"]
[EventCountry "SUI"]
[SourceTitle "CBM 137 Extra"]
[Source "ChessBase"]
[SourceDate "2010.09.01"]
[SourceVersion "1"]
[SourceVersionDate "2010.09.01"]
[SourceQuality "1"]

1. e4 c5 2. Nf3 d6 3. d4 cxd4 4. Nxd4 Nf6 5. Nc3 e6 6. Bg5 Be7 7. Ndb5 a6 8. Bxf6 gxf6 9. Nd4 Nc6 10. Nxc6 bxc6 11. Be2 Rg8 12. Bf3 d5 13. exd5 cxd5 14. 0-0 Rb8 15. b3 f5 16. Ne2 Bf6 17. Rb1 Bb7 18. Re1 Qb6 19. Qd3 d4 20. Bxb7 Qxb7 21. g3 Qb5 22. Rbd1 Qxd3 23. Rxd3 Rc8 24. Nxd4 Bxd4 25. Rxd4 Rxc2 26. Ra4 Rc6 27. Re5 Kd7 28. Rea5 Ra8 29. Kg2 Kc7 30. f4 Kb7 31. Rb4+ Kc7 32. Raa4 Rd8 33. Kh3 Rd2 34. Rc4 Rxc4 35. Rxc4+ Kb6 36. Rb4+ Kc5 37. Rc4+ Kb6 38. Rb4+ Kc5 39. Rc4+ 1/2-1/2